000 00931nam a2200313 i 4500
001 bg
003 BPK
005 20190725095301.0
008 011120s2001 pl a f f |001 0 pol
015 _aPB 2001/19031
020 _a8301134321
040 _aWA N
_cBPK
041 0 _apol
080 _a910.1
080 _a520.8
080 _a(075.8)
100 1 _aMietelski, Jan
_d(1930- ).
245 1 0 _aAstronomia w geografii /
_cJan Mietelski.
250 _aWyd. 4 uaktual.
260 _aWarszawa :
_bWydaw. Naukowe PWN,
_c2001.
300 _a471, [1] s. :
_bil., mapy ;
_c24 cm.
504 _aBibliogr. - Indeksy.
650 4 _aAstronomia
650 4 _aGeografia
_xmetody
655 4 _aPodręczniki akademickie
710 2 _aWydawnictwo Naukowe PWN
_4pbl.
856 4 1 _uhttp://koha.tu.koszalin.pl/cgi-bin/koha/opac-detail.pl?biblionumber=40687
_yKatalog online BPK
942 _2UKD
_cKS
999 _c40687
_d40687